[Event "Anibal op 3rd"]
[Site "Linares"]
[Date "1996.??.??"]
[Round "?"]
[White "Hodgson, Julian M"]
[Black "Thipsay, Praveen Mahadeo"]
[Result "1/2-1/2"]
[WhiteElo "2615"]
[BlackElo "2475"]

1.d4 g6 2.e4 Bg7 3.Nc3 d6 4.Be3 c6 5.Qd2 b5 6.h4 Nf6 7.f3 h5 8.Nh3 Nbd7 9.Ng5 Qa5
10.a3 a6 11.Be2 Qc7 12.f4 Nb6 13.O-O Ng4 14.f5 gxf5 15.exf5 Nc4 16.Bxc4 bxc4
17.Kh1 d5 18.Bg1 f6 19.Nh3 Bh6 20.Qe1 Be3 21.g3 Bxg1 22.Nxg1 Nh6 23.Rf3 Bxf5
24.Qf2 Bg6 25.Re1 O-O-O 26.b3 cxb3 27.cxb3 Rh7 28.Qf1 Qb7 29.Nh3 c5 30.Na4 cxd4
31.Rc1+ Kb8 32.Nc5 Qb6 33.Rf4 Be4+ 34.Rxe4 dxe4 35.Nxa6+ Ka8 36.Nc7+ Ka7
37.Nf4 e5 38.Nfd5 Qb7 39.Rc5 Rxd5 40.Nxd5 Qa6 41.Qc1 Nf5 42.Rc7+ Rxc7 43.Qxc7+ Qb7
44.Qa5+  1/2-1/2

[Event "Anibal op 3rd"]
[Site "Linares"]
[Date "1996.??.??"]
[Round "?"]
[White "Hodgson, Julian M"]
[Black "Shchekachev, Andrei"]
[Result "1-0"]
[WhiteElo "2615"]
[BlackElo "2500"]

1.d4 g6 2.e4 d6 3.Nc3 Bg7 4.Be3 c6 5.Qd2 Nd7 6.Nf3 Qc7 7.Bd3 Ngf6 8.Bh6 Bxh6
9.Qxh6 b5 10.O-O Bb7 11.Rfe1 e5 12.dxe5 dxe5 13.a4 b4 14.Nb1 Qd6 15.Nbd2 Qe7
16.h3 Nh5 17.Nc4 O-O-O 18.Qe3 Kb8 19.a5 a6 20.Nb6 Nc5 21.Bc4 f6 22.g3 Ng7
23.c3 bxc3 24.bxc3 Nge6 25.Rab1 Nc7 26.Nd2 Qd6 27.Bf1 Nb5 28.Ndc4 Qe7 29.Nb2 h5
30.N2a4 Ne6 31.Bc4 h4 32.Bxe6 Qxe6 33.g4 Qe7 34.Nc5 Rh7 35.Nxb7 Qxb7 36.c4 Nd4
37.Na4 Nc2 38.Qc3 Nxe1 39.Qxe1  1-0

[Event "SWE-chB2"]
[Site "Linkoping"]
[Date "1996.??.??"]
[Round "?"]
[White "Eriksson, Mats"]
[Black "Angskog, Kent"]
[Result "1/2-1/2"]
[WhiteElo "2225"]
[BlackElo "2240"]

1.e4 g6 2.d4 Bg7 3.Nc3 d6 4.Nf3 a6 5.Be2 b5 6.a4 b4 7.Nb1 Nf6 8.Bc4 Bb7 9.Nbd2 e6
10.Qe2 Nbd7 11.O-O O-O 12.c3 c5 13.cxb4 cxb4 14.b3 d5 15.exd5 exd5 16.Bd3 Ne4
17.Bb2 Re8 18.Rfe1 Ndc5 19.Bc2 a5 20.Rab1 Ba6 21.Qe3 Nxd2 22.Qxd2 Ne4 23.Qf4 g5
24.Nxg5 Qxg5 25.Rxe4 Qxf4 26.Rxf4 Re2 27.Bf5 Rae8 28.h3 Re1+ 29.Rxe1 Rxe1+
30.Kh2 Bh6 31.Rg4+ Kf8 32.Bxh7 Re2 33.Rg8+ Ke7 34.Ra8 Bf4+ 35.g3 Rxf2+ 36.Kg1 Be3
37.Ra7+ Kf8 38.Bc1 Rf1+ 39.Kg2 Rf2+ 40.Kg1 Rf1+ 41.Kg2 Rf2+  1/2-1/2

[Event "SWE-ch"]
[Site "Linkoping"]
[Date "1996.??.??"]
[Round "3"]
[White "Lindberg, Bengt"]
[Black "Johansson, Mikael"]
[Result "0-1"]
[WhiteElo "2355"]
[BlackElo "2325"]

1.e4 g6 2.d4 Bg7 3.Nc3 d6 4.Nf3 a6 5.h3 b5 6.a4 b4 7.Nd5 Bb7 8.Bd3 a5 9.O-O e6
10.Nf4 Nd7 11.Ne2 Ne7 12.c3 O-O 13.Be3 c5 14.Nd2 Qc7 15.Rc1 Rfc8 16.cxb4 axb4
17.b3 Nc6 18.Bb5 Na5 19.f3 Ba6 20.Bxa6 Rxa6 21.dxc5 dxc5 22.Nc4 Nxc4 23.Rxc4 Rc6
24.Qd2 Ne5 25.Rc2 Rd8 26.Qe1 Rd3 27.Nc1 Rxe3 28.Qxe3 Ng4 29.hxg4 Bd4 30.Qf2 Bxf2+
31.Rcxf2 c4 32.bxc4 Rxc4 33.Nd3 Rc2 34.Nxb4 Rxf2 35.Rxf2 Qc1+ 36.Kh2 Qc5
37.Nd3 Qe3 38.Ra2 Qxd3 39.a5 Qc4 40.Ra1 Qc3 41.Ra2 Qc7+ 42.Kh1 Qc4 43.Ra1 Qa6
44.g5 Kg7 45.Kg1 h6 46.gxh6+ Kxh6 47.Kh1 Kg5 48.Kg1 Kf4 49.Kh2 Qa8 50.e5 Qh8+
51.Kg1 Kg3  0-1

[Event "Linz Siemens"]
[Site "Linz"]
[Date "1996.??.??"]
[Round "9"]
[White "Gross, Dav"]
[Black "Rolletschek, Heinrich"]
[Result "1-0"]
[WhiteElo "2300"]
[BlackElo "2320"]

1.d4 g6 2.e4 Bg7 3.Nc3 d6 4.Nge2 e5 5.Be3 Nd7 6.Qd2 Ngf6 7.f3 O-O 8.O-O-O c6
9.g4 h5 10.gxh5 Nxh5 11.Ng3 Nxg3 12.hxg3 Re8 13.Qh2 Qf6 14.f4 Nf8 15.Bc4 Be6
16.fxe5 dxe5 17.d5 cxd5 18.Nxd5 Qf3 19.Bg5 f5 20.Bf6 Qxe4 21.Bxg7 Kxg7 22.Qh8+  1-0

[Event "Lisboa Masters"]
[Site "Lisboa"]
[Date "1996.??.??"]
[Round "1"]
[White "Pinheiro, Jose"]
[Black "Rocha, Sergio"]
[Result "0-1"]
[WhiteElo "2250"]
[BlackElo "2370"]

1.d4 g6 2.e4 Bg7 3.Nc3 d6 4.h3 c6 5.Nf3 b5 6.d5 b4 7.Nb1 Nf6 8.Bd3 cxd5 9.exd5 Qa5
10.c4 bxc3 11.Nxc3 O-O 12.O-O Bb7 13.Bc4 Nbd7 14.Be3 Rfc8 15.Bb3 Nb6 16.Bxb6 axb6
17.Re1 Rc7 18.Nd4 Rxc3 19.bxc3 Nxd5 20.Qf3 Rb8 21.Rxe7 Nxe7 22.Qxf7+ Kh8
23.Re1 Ng8 24.Qc7 Qg5 25.g3 Qd8 26.Qxg7+ Kxg7 27.Ne6+ Kf6 28.Nxd8 Rxd8 29.Re6+ Kg7
30.g4 Bc6 31.g5 Be8 32.Re4 d5 33.Rb4 Rd6 34.Rd4 Ne7 35.Rd2 Bd7  0-1

[Event "POR-ch"]
[Site "Lisbon"]
[Date "1996.??.??"]
[Round "7"]
[White "Fernandes, Antonio"]
[Black "Leonardo, Joao"]
[Result "1-0"]
[WhiteElo "2410"]
[BlackElo "2285"]

1.d4 d6 2.e4 g6 3.Nc3 Bg7 4.Nge2 Nf6 5.g3 O-O 6.Bg2 e5 7.O-O Nc6 8.Re1 Re8
9.d5 Nd4 10.Nxd4 exd4 11.Nb5 Bd7 12.Nxd4 Nxd5 13.c3 Nf6 14.Bf4 Nh5 15.Be3 Nf6
16.Bf4 Nh5 17.Bd2 Nf6 18.Bg5 c5 19.Nb3 Bc6 20.Qd3 h6 21.Bf4 Re6 22.Rad1 Qe8
23.Na5 Bxe4 24.Bxe4 Nxe4 25.Nxb7 Ng5 26.Rxe6 Nh3+ 27.Kf1 Qxe6 28.Bxd6 Qxa2
29.Rd2 c4 30.Qd5 Ng5 31.h4 Ne6 32.Kg2 Rc8 33.Bb4 Qa6 34.Nd6 Rd8 35.Re2 Bf8
36.Rxe6 fxe6 37.Qxe6+ Kh7 38.Qf7+ Bg7 39.Qc7 Rf8 40.Qxc4 Qb6 41.Ne4 Re8 42.h5 gxh5
43.Nd6 Rf8 44.Qe4+ Kg8 45.Qe6+ Kh7 46.Qe4+ Kg8 47.Qd5+ Kh7 48.Bc5 Qd8 49.Qxh5 Qa8+
50.Kh2 Qc6 51.b4 Qd7 52.Qd5 Kh8 53.c4 a6 54.Qe4 Kg8 55.b5 axb5 56.cxb5 Rf6
57.Qd5+ Kh7 58.b6 Bf8 59.b7 Bxd6 60.Qd3+ Rg6 61.b8=Q Bxb8 62.Qxd7+  1-0

[Event "Ljubljana op"]
[Site "Ljubljana"]
[Date "1996.??.??"]
[Round "4"]
[White "Podlesnik, Bogdan"]
[Black "Butala, Marjan"]
[Result "1-0"]
[WhiteElo "2410"]
[BlackElo "2280"]

1.e4 g6 2.d4 Bg7 3.Nc3 d6 4.f4 e6 5.Nf3 Ne7 6.Bd3 c5 7.dxc5 dxc5 8.e5 O-O
9.Be3 Qa5 10.O-O Nd5 11.Nxd5 exd5 12.c4 d4 13.Bd2 Qc7 14.Qe1 Nc6 15.Ng5 Qe7
16.Qg3 Bd7 17.Rae1 f5 18.exf6 Qxf6 19.Ne4 Qe7 20.Ng5 Qf6 21.f5 gxf5 22.Ne4 Qg6
23.Nxc5 Bc8 24.Qc7 Bh6 25.Bxh6 Qxh6 26.Qg3+ Qg6 27.Qf4 b6 28.Nb3 Nb4 29.Rf3 Nxd3
30.Rxd3 Re8 31.Rxe8+ Qxe8 32.Qg5+  1-0

[Event "Ljubljana op"]
[Site "Ljubljana"]
[Date "1996.??.??"]
[Round "5"]
[White "Basagic, Zlatko"]
[Black "Ciglic, Boris"]
[Result "1-0"]
[WhiteElo "2360"]
[BlackElo "2195"]

1.e4 d6 2.d4 g6 3.Nc3 Bg7 4.Bg5 c6 5.Qd2 Nd7 6.f4 b5 7.e5 d5 8.a4 b4 9.Nd1 a5
10.Nf3 f6 11.Bh4 Nh6 12.Ne3 Nf8 13.Bd3 f5 14.Ng5 Ne6 15.Nxe6 Bxe6 16.h3 O-O
17.O-O Qd7 18.c4 Rfc8 19.cxd5 cxd5 20.Bb5 Qb7 21.Rfc1 Bf8 22.Rc5 Bf7 23.Rac1 e6
24.Rc6 Be8 25.Ba6 Bxc6 26.Bxb7 Bxb7 27.Rxc8 Bxc8 28.Qc2 Bd7 29.Qc7 Bxa4 30.Qb7 Re8
31.Nxd5 exd5 32.Qxd5+ Kh8 33.Qxa5 Bc6 34.Qc7 Bd5 35.Qd7 Bf7 36.d5 Ra8 37.d6  1-0

[Event "London"]
[Site "London"]
[Date "1996.??.??"]
[Round "8"]
[White "Bakre, Tejas"]
[Black "Welling, Gerard"]
[Result "0-1"]
[WhiteElo "2170"]
[BlackElo "2395"]

1.e4 g6 2.d4 Bg7 3.Nc3 d6 4.Be3 c6 5.Qd2 b5 6.a3 a6 7.f3 Nd7 8.g4 Nb6 9.h4 h5
10.g5 e6 11.Nh3 Ne7 12.Nf2 Qc7 13.Be2 Bd7 14.Rg1 O-O 15.Nh1 Rfd8 16.Ng3 c5
17.Rd1 Be8 18.Nb1 cxd4 19.Bxd4 e5 20.Bxb6 Qxb6 21.Kf1 d5 22.Qc1 dxe4 23.fxe4 Nc6
24.Nc3 Nd4 25.Nd5 Qe6 26.c3 Qh3+ 27.Kf2 Nxe2 28.Nxe2 Qxh4+ 29.Kf3 Bd7 30.Ne3 f5
31.gxf6 Qxf6+ 32.Kg2 Qg5+ 33.Kf1 Qh4 34.Rxg6 Qxe4 35.Rg1 Be6 36.Ke1 Kh8 37.Rxd8+ Rxd8
38.Ng2 Bg4 39.Qe3 Qb1+ 40.Qc1 Qd3 41.Qe3 Qd1+ 42.Kf2 Rf8+  0-1

[Event "Loures"]
[Site "Loures"]
[Date "1996.??.??"]
[Round "5"]
[White "Santos, Carlos P"]
[Black "Rocha, Sergio"]
[Result "1/2-1/2"]
[WhiteElo "2340"]
[BlackElo "2400"]

1.e4 g6 2.d4 Bg7 3.Nc3 d6 4.f4 c6 5.Nf3 Nd7 6.e5 d5 7.h3 e6 8.Be3 a6 9.Qd2 Qc7
10.g4 Ne7 11.Bg2 c5 12.O-O h5 13.Qf2 hxg4 14.hxg4 Nf8 15.dxc5 Bd7 16.Ne2 Nh7
17.Ng3 O-O-O 18.g5 Nf8 19.b4 Ba4 20.Nd4 Nf5 21.Ngxf5 gxf5 22.Qd2 Ng6 23.Kf2 Rh4
24.Rh1 Bxe5 25.Rxh4 Bxd4 26.Bxd4 Nxh4 27.Be5 Qd7 28.Qd4 Ng6 29.Bd6 Rh8 30.Qg7 Qe8
31.Rh1 Rxh1 32.Bxh1 Bxc2 33.b5 Be4 34.bxa6 bxa6 35.Bxe4 fxe4 36.a4 e5 37.f5 Nh4
38.g6 e3+ 39.Ke2 Nxf5 40.Qxf7 Nd4+ 41.Kxe3 Qd8 42.Qf8 Qxf8 43.Bxf8 Kd7 44.g7 Nf5+
45.Kd3 Nh6 46.Bd6 Ke6 47.Bb8 Ng8 48.c6 e4+ 49.Ke3 Ne7 50.Be5 Nf5+ 51.Kf4 Nxg7  1/2-1/2

[Event "Ludwigshafen-ch 10th"]
[Site "Ludwigshafen"]
[Date "1996.??.??"]
[Round "2"]
[White "Weiland, Marco"]
[Black "Benda, Robert"]
[Result "0-1"]
[WhiteElo "1805"]
[BlackElo "2010"]

1.e4 g6 2.d4 Bg7 3.Nc3 d6 4.f4 Nd7 5.Nf3 e6 6.Be3 h6 7.Qd2 Ne7 8.Be2 a6 9.a4 b6
10.O-O Bb7 11.Rad1 Nf6 12.e5 Ng4 13.h3 Nxe3 14.Qxe3 O-O 15.Bd3 Kh7 16.Nd2 Nf5
17.Bxf5 gxf5 18.Nc4 Rg8 19.Rd2 Rb8 20.Qe2 Qh4 21.Qe1 Qh5 22.Qd1 Qg6 23.Rff2 Bf8
24.exd6 cxd6 25.Nxb6 Bc6 26.a5 Bg7 27.Qe2 Bf6 28.Qc4 Be4 29.Nxe4 fxe4 30.Rde2 Qh5
31.Re3 Bh4 32.Rf1 Qxa5 33.Nd7 Rb7 34.Qc6 Qd2 35.Qxe4+ Kh8 36.Qxb7  0-1

[Event "Ludwigshafen-ch 10th"]
[Site "Ludwigshafen"]
[Date "1996.??.??"]
[Round "4"]
[White "Lambert, Andreas"]
[Black "Benda, Robert"]
[Result "1-0"]
[WhiteElo "2310"]
[BlackElo "2010"]

1.e4 g6 2.d4 Bg7 3.Nc3 d6 4.Be3 Nd7 5.Qd2 h6 6.f4 e6 7.Nf3 Ne7 8.O-O-O c6
9.Kb1 b5 10.h4 h5 11.Ng5 Nb6 12.b3 a5 13.Rc1 a4 14.Be2 axb3 15.cxb3 f6 16.Nh3 Bb7
17.g4 hxg4 18.Bxg4 f5 19.Bf3 Rxh4 20.Ng5 Rxh1 21.Rxh1 Kd7 22.Rh7 Qg8 23.d5 b4
24.dxe6+ Kc7 25.Bxb6+ Kxb6 26.Qxd6 Bxc3 27.Qxe7 Qb8 28.exf5 Rxa2 29.Qxb7+  1-0

[Event "Ludwigshafen-ch 10th"]
[Site "Ludwigshafen"]
[Date "1996.??.??"]
[Round "6"]
[White "Hain, Guenter"]
[Black "Benda, Robert"]
[Result "1-0"]
[WhiteElo "1965"]
[BlackElo "2010"]

1.d4 g6 2.e4 Bg7 3.Nc3 d6 4.Be2 Nd7 5.Nf3 e6 6.Be3 h6 7.Qd2 a6 8.a4 b6 9.O-O Ne7
10.Rad1 Bb7 11.Ne1 Nf6 12.f3 g5 13.Nd3 Ng6 14.Rfe1 O-O 15.g3 Qe7 16.Nf2 e5
17.d5 Kh7 18.Nb1 Qd7 19.a5 b5 20.b3 Ne8 21.Bd3 c5 22.dxc6 Bxc6 23.Na3 Qb7
24.Qb4 d5 25.exd5 Bxd5 26.Be4 Bxe4 27.Qxe4 Qxe4 28.fxe4 Rc8 29.c4 bxc4 30.Nxc4 f5
31.exf5 Rxf5 32.Ne4 Rc6 33.Kg2 Rf7 34.Rd8 Re7 35.Red1 Nf8 36.Bc5 Ree6 37.Rf1 Ng6
38.Ne3 Nf6 39.Nxf6+ Rxf6 40.Rxf6 Bxf6 41.Rd7+ Kg8 42.b4 Nh8 43.Nd5 Nf7 44.Kf3 Kg7
45.Ke4 Kg6 46.Kd3 g4 47.Kc4 Bg5 48.b5 axb5+ 49.Kxb5 Rc8 50.a6 e4 51.a7 Ne5
52.Rd6+ Kf5 53.Be3 Nc4 54.Rc6 Na3+ 55.Kb6 Rh8 56.Bxg5 Kxg5 57.Kb7 e3 58.Nxe3 Rh7+
59.Kb8 Rxa7 60.Kxa7 Nb5+ 61.Kb6 Nd4 62.Rc5+ Kg6 63.Nxg4 Nf3 64.h4 Nd4 65.Rd5 Ne2
66.Ne5+ Kf5 67.g4+ Ke4 68.Ra5 Nc3 69.Nf7 h5 70.gxh5 Nd5+ 71.Rxd5  1-0

[Event "Lyngby mT"]
[Site "Lyngby"]
[Date "1996.??.??"]
[Round "6"]
[White "Stewart, Tanya"]
[Black "Pedersen, Borge"]
[Result "0-1"]
[WhiteElo "2010"]
[BlackElo "2170"]

1.e4 d6 2.d4 g6 3.Nc3 Bg7 4.Be2 c6 5.Be3 b5 6.a3 a6 7.Qd2 h5 8.Nf3 Nd7 9.Rd1 Qc7
10.h3 Bb7 11.Ng5 Nh6 12.f4 O-O-O 13.O-O Nf8 14.f5 f6 15.Ne6 Nxe6 16.fxe6 Ng8
17.d5 c5 18.Na2 f5 19.exf5 Nf6 20.c4 bxc4 21.Bxc4 Ne4 22.Qd3 Ng3 23.fxg6 Nxf1
24.Rxf1 Qb6 25.b4 h4 26.Nc3 Rh5 27.Na4 Qc7 28.bxc5 dxc5 29.Bxc5 Bxd5 30.Bxa6+ Bb7
31.Bxb7+ Qxb7 32.Qc4 Qc6 33.Rb1 Rxc5 34.Nxc5 Bd4+ 35.Kh1 Bxc5 36.g7 Kc7 37.Qf4+ Qd6
38.Qf3 Qc6 39.Qf4+ Bd6 40.Qf7 Qc2 41.Rf1 Qc4 42.Qf5 Rb8 43.Rd1 Qc5 44.Qf3 Qxa3
45.Qf1 Qe3 46.Rc1+ Bc5 47.Qc4 Kd6 48.Qa6+ Kd5 49.Rd1+ Bd4 50.Qa2+ Ke5 51.Qc4 Rg8
52.Qb5+ Kf6  0-1

[Event "Asia-ch Boys"]
[Site "Macau"]
[Date "1996.??.??"]
[Round "?"]
[White "Bagheri, Amir"]
[Black "Amonatov, Farrukh"]
[Result "1/2-1/2"]
[WhiteElo "2270"]
[BlackElo "2110"]

1.d4 g6 2.e4 Bg7 3.Nc3 d6 4.Be3 Nf6 5.f3 O-O 6.Qd2 e5 7.dxe5 dxe5 8.Qxd8 Rxd8
9.Bc4 Nc6 10.Nge2 Ne8 11.Rd1 Nd4 12.Kf2 c6 13.Nb1 Nd6 14.Bd3 Be6 15.b3 f5
16.Nd2 N6b5 17.exf5 gxf5 18.Nxd4 Nxd4 19.Bxd4 Rxd4 20.Bc4 Kf7 21.Bxe6+ Kxe6
22.Nc4 Rad8 23.Ke2 Bh6 24.Rxd4 Rxd4 25.Rd1 Rxd1 26.Kxd1 b5 27.Nd2 Kd5 28.c3 e4
29.Ke2 Bg7 30.fxe4+ fxe4 31.Ke3 Bh6+ 32.Ke2 Bf4 33.g3 Bg5 34.Nf1 Bf6 35.Ne3+ Kc5
36.Kd2 a5 37.Nc2 Kd5 38.Ne3+ Kc5 39.Nc2 a4 40.Ke3 Bxc3 41.Kxe4 Bg7 42.g4 Bf6
43.Kf5 Bh4 44.Ke5 Bd8 45.Ke6 Bg5 46.Kf5 Bd2 47.Ke5 Bc1 48.Ke6 Bf4 49.h3 Bd2
50.Ke5 Bc3+ 51.Ke6 Bd2 52.g5 Bc1  1/2-1/2

[Event "Mar del Plata op"]
[Site "Mar del Plata"]
[Date "1996.??.??"]
[Round "2"]
[White "Hernandez Penna, Sabina"]
[Black "Hoffman, Alejandro"]
[Result "0-1"]
[WhiteElo "2050"]
[BlackElo "2410"]

1.e4 g6 2.d4 Bg7 3.Nc3 d6 4.Be3 a6 5.Qd2 b5 6.f3 Nd7 7.O-O-O Bb7 8.g4 b4
9.Nce2 c5 10.Kb1 Qc7 11.Nc1 a5 12.Nge2 Ba6 13.Nf4 c4 14.Nd5 Qb7 15.c3 e6
16.Nf4 Ne7 17.Nce2 O-O 18.h4 Rfb8 19.h5 e5 20.Nh3 bxc3 21.Qxc3 Nb6 22.Bc1 exd4
23.Nxd4 Nc6 24.Qe3 Na4 25.Rh2 Nxd4 26.Rxd4 Qb6 27.Rxc4 Qxe3 28.Bxe3 Nxb2  0-1

[Event "Marijampole op"]
[Site "Marijampole"]
[Date "1996.??.??"]
[Round "5"]
[White "Macionis, Andrius"]
[Black "Fridman, Daniel"]
[Result "1/2-1/2"]
[WhiteElo "2295"]
[BlackElo "2500"]

1.e4 d6 2.d4 g6 3.Nc3 Bg7 4.Bc4 c6 5.Qf3 e6 6.Nge2 b5 7.Bd3 Nd7 8.Qg3 Nb6
9.Bf4 b4 10.Nd1 Nf6 11.Bg5 h6 12.Bd2 c5 13.dxc5 dxc5 14.e5 Nfd5 15.f4 Qc7
16.Ne3 Bb7 17.c3 Nxe3 18.Bb5+ Bc6 19.Bxc6+ Qxc6 20.Bxe3 Nc4 21.cxb4 cxb4
22.Bd4 O-O 23.O-O Rfd8 24.Rac1 Qb5 25.Qd3 Nd6 26.Qxb5 Nxb5 27.Be3 Bf8 28.Kf2 a5
29.Rfd1 a4 30.Nd4 Nxd4 31.Rxd4 Be7 32.Rc7 Kf8 33.Ke2 Ke8 34.Rxd8+  1/2-1/2

[Event "SVK-ch"]
[Site "Martin"]
[Date "1996.??.??"]
[Round "4"]
[White "Hagara, Eduard"]
[Black "Ianov, Viktor"]
[Result "0-1"]
[WhiteElo "2140"]
[BlackElo "2415"]

1.e4 d6 2.d4 g6 3.Nc3 Bg7 4.Be3 a6 5.f3 b5 6.Qd2 Nd7 7.Rd1 Bb7 8.Nge2 Rc8
9.g3 c5 10.Bh3 cxd4 11.Nxd4 Ngf6 12.O-O O-O 13.Nde2 Qc7 14.Nf4 Rfd8 15.a3 Rb8
16.Rf2 Ne5 17.b3 e6 18.Bxe6 fxe6 19.Nxe6 Qe7 20.Nxd8 Rxd8 21.Bc5 Nf7 22.Bb4 Qe8
23.Nd5 Nxd5 24.exd5 Qe5 25.f4 Qf6 26.Rf3 Rc8 27.Qd3 g5 28.c4 bxc4 29.bxc4 gxf4
30.Rxf4 Qe7 31.Rh4 h6 32.Re1 Ne5 33.Qe2 Qc7 34.Rf1 Qb6+ 35.Kg2 a5 36.Bc3 Bxd5+
37.cxd5 Rxc3 38.Rhf4 Qb7 39.Qe4 Rc4 40.Rf7 Qxf7  0-1

[Event "SVK-ch"]
[Site "Martin"]
[Date "1996.??.??"]
[Round "7"]
[White "Buchnicek, Petr"]
[Black "Hrivnak, Martin"]
[Result "1-0"]
[WhiteElo "2210"]
[BlackElo "2190"]

1.e4 g6 2.d4 Bg7 3.Nc3 d6 4.Be3 Nf6 5.f3 O-O 6.Qd2 c6 7.O-O-O b5 8.Bh6 Qa5
9.h4 e5 10.dxe5 dxe5 11.h5 Be6 12.g4 b4 13.Nb1 Qxa2 14.hxg6 fxg6 15.Bxg7 Kxg7
16.Qh6+ Kg8 17.g5 Nbd7 18.Rxd7 Bxd7 19.gxf6 Qf7 20.Bc4  1-0

[Event "SVK-ch"]
[Site "Martin"]
[Date "1996.??.??"]
[Round "9"]
[White "Pcola, Pavel"]
[Black "Marusak, Peter"]
[Result "1-0"]
[WhiteElo "2415"]
[BlackElo "2160"]

1.e4 d6 2.d4 g6 3.Nc3 Bg7 4.h3 Nf6 5.Nf3 O-O 6.Be3 c6 7.a4 e5 8.dxe5 dxe5
9.Bc5 Re8 10.Bc4 Nbd7 11.Ba3 Nh5 12.O-O Nf4 13.Bb3 Nf8 14.Bxf8 Rxf8 15.Qxd8 Rxd8
16.Ng5 Rf8 17.Rfd1 Bf6 18.Nf3 g5 19.Ne1 g4 20.hxg4 Bxg4 21.f3 Be6 22.Bxe6 Nxe6
23.a5  1-0

[Event "Wch U20 Girls"]
[Site "Medellin"]
[Date "1996.??.??"]
[Round "4"]
[White "Skripchenko, Almira"]
[Black "Fierro Baquero, Martha Lorena"]
[Result "1/2-1/2"]
[WhiteElo "2370"]
[BlackElo "2200"]

1.e4 g6 2.d4 Bg7 3.Nc3 d6 4.f4 c6 5.Nf3 Bg4 6.Be3 Qb6 7.Qd2 Bxf3 8.gxf3 Nd7
9.O-O-O Qa5 10.Kb1 b5 11.h4 Nb6 12.Bd3 Nc4 13.Bxc4 bxc4 14.h5 Rb8 15.Ka1 e6
16.hxg6 hxg6 17.Rxh8 Bxh8 18.f5 Ne7 19.fxe6 fxe6 20.Qh2 Kd7 21.Bc1 Qh5 22.Qe2 Rf8
23.f4 Qxe2 24.Nxe2 d5 25.e5 Bg7 26.Rh1 Rh8 27.Rxh8 Bxh8 28.b3 cxb3 29.cxb3 Bg7
30.Kb2 Nf5 31.Kc3 Bf8 32.b4 Kc7 33.Bd2 Kb6 34.Kd3 Be7 35.a3 Bf8 36.Be1 Be7
37.Ng1 Kb5 38.Bd2  1/2-1/2

[Event "Wch U20"]
[Site "Medellin"]
[Date "1996.??.??"]
[Round "5"]
[White "Tirard, Hugo"]
[Black "Irzhanov, Ruslan"]
[Result "1/2-1/2"]
[WhiteElo "2395"]
[BlackElo "2535"]

1.e4 g6 2.d4 Bg7 3.Nc3 d6 4.Be3 c6 5.Nf3 Nd7 6.Qd2 b5 7.Bd3 b4 8.Ne2 Rb8
9.O-O Ngf6 10.a3 a5 11.axb4 axb4 12.Ra4 Qb6 13.e5 Nd5 14.Bh6 O-O 15.Ng3 dxe5
16.Bxg7 Kxg7 17.Nh5+ gxh5 18.Qg5+ Kh8 19.Qh6 e4 20.Bxe4 N5f6 21.Ng5 Qxd4
22.Raa1 Rb5 23.Rad1 Qe5 24.f4 Qb8 25.Bd3 Rd5 26.h3 Ba6 27.Bxh7 Bxf1 28.Bg6+ Kg8
29.Bh7+ Kh8  1/2-1/2

[Event "Wch U20"]
[Site "Medellin"]
[Date "1996.??.??"]
[Round "9"]
[White "Pedersen, Nicolai Vesterbaek"]
[Black "Ginzburg, Maximiliano"]
[Result "0-1"]
[WhiteElo "2290"]
[BlackElo "2425"]

1.e4 g6 2.d4 Bg7 3.Nc3 d6 4.Bg5 c6 5.Bc4 Nd7 6.Qf3 Ngf6 7.a4 O-O 8.Nge2 e5
9.d5 h6 10.Bh4 g5 11.Bg3 Nb6 12.Bb3 cxd5 13.exd5 Nbd7 14.h4 g4 15.Qe3 Nc5
16.Bc4 Bf5 17.f4 gxf3 18.gxf3 Bxc2 19.b4 Ncd7 20.h5 Rc8 21.Bd3 Bxd3 22.Qxd3 Qb6
23.Nb5 e4 24.fxe4 Nxe4 25.Qxe4 Rfe8 26.Qg4 f5 27.Qf3 Bxa1 28.Bf2 Qd8 29.Rg1+ Bg7
30.Nxd6 Rc1+ 31.Kd2 Rxg1 32.Nxe8 Ne5 33.Qb3 Rg4 34.Nxg7 Qg5+ 35.Be3 Qxg7
36.Bf4 Nd7 37.Qd3 Qf7 38.Bxh6 Ne5 39.Qb5 a6 40.Qc5 Rc4 41.Qd6 Rd4+ 42.Kc2 Rxd5
43.Qb8+ Kh7 44.Bd2 Rd7 45.Nc3 Nf3 46.Be3 Ne1+ 47.Kb2 Nd3+ 48.Kc2 Nxb4+ 49.Kb2 f4
50.Ne4 Qa2+ 51.Kc3 Qc2+ 52.Kxb4 Qxe4+ 53.Ka5  0-1

[Event "Wch U20 Girls"]
[Site "Medellin"]
[Date "1996.??.??"]
[Round "9"]
[White "Benderac, Ana"]
[Black "Grabics, Monika"]
[Result "0-1"]
[WhiteElo "2115"]
[BlackElo "2235"]

1.d4 g6 2.e4 Bg7 3.Nc3 d6 4.Be3 c6 5.Qd2 b5 6.Bd3 Nf6 7.f3 Nbd7 8.Nge2 Nb6
9.Ng3 h5 10.a3 Nc4 11.Bxc4 bxc4 12.b4 cxb3 13.cxb3 Ba6 14.Kf2 O-O 15.Rhc1 Nd7
16.Bh6 e6 17.Bxg7 Kxg7 18.Nce2 c5 19.Kg1 h4 20.Nf1 Bxe2 21.Qxe2 cxd4 22.Qf2 e5
23.b4 a5 24.b5 Nc5 25.Rc4 a4 26.Nd2 Qa5 27.Rb1 Rab8 28.Rxc5 dxc5 29.Nc4 Rxb5  0-1

[Event "Wch U16"]
[Site "Menorca"]
[Date "1996.??.??"]
[Round "9"]
[White "Solak, Dragan"]
[Black "Mihajlovskij, Sergei"]
[Result "0-1"]
[WhiteElo "2435"]
[BlackElo "2245"]

1.e4 g6 2.d4 Bg7 3.Nc3 d6 4.Nf3 Nf6 5.Be2 O-O 6.O-O Nbd7 7.e5 Ne8 8.Bg5 c6
9.Qd2 f6 10.Bh6 Qc7 11.exf6 exf6 12.d5 c5 13.Rae1 Ne5 14.Nxe5 dxe5 15.Bxg7 Kxg7
16.f4 exf4 17.Nb5 Qd8 18.Rxf4 a6 19.Nc3 Nd6 20.Ne4 Nxe4 21.Rxe4 Bf5 22.Re3 Qd6
23.Bf3 Rf7 24.R1e2 Rd8 25.Qe1 Qb6 26.c4 Qd6 27.Qc3 b5 28.a3 Rb8 29.b3 b4
30.axb4 Rxb4 31.Qe1 a5 32.Re8 a4 33.g4 Bd7 34.Rd8 Qc7 35.Ra8 axb3 36.Qc3 Qf4
37.Re4 Qg5 38.Ra1 b2 39.Rb1 Bf5 40.h4 Bxe4 41.hxg5 Bxb1 42.gxf6+ Kg8 43.Qe5 Bf5
44.Be4 Bxe4 45.Qe8+ Rf8 46.f7+ Kg7 47.Qe5+ Kxf7 48.Qe6+ Kg7 49.Qe7+ Rf7 50.Qe5+ Kh6
51.Qh2+ Kg5 52.Qe5+ Rf5 53.Qe7+ Kf4 54.Qc7+ Kf3 55.Kh2 Rf4 56.Qxh7 b1=Q  0-1

[Event "Wch U14"]
[Site "Menorca"]
[Date "1996.??.??"]
[Round "11"]
[White "Sargissian, Gabriel"]
[Black "Bacrot, Etienne"]
[Result "1-0"]
[WhiteElo "2270"]
[BlackElo "2470"]

1.e4 g6 2.d4 Bg7 3.Nc3 d6 4.Nf3 c6 5.a4 Nd7 6.Be2 e5 7.Be3 Ngf6 8.dxe5 dxe5
9.Nd2 O-O 10.O-O b6 11.Nc4 Ba6 12.b4 Qc7 13.b5 cxb5 14.axb5 Bb7 15.f3 Rfd8
16.Ra2 Bf8 17.Qa1 Qb8 18.Rd1 Nh5 19.g3 Ng7 20.Nd5 Ne6 21.Kg2 Kh8 22.h4 Bg7
23.h5 gxh5 24.Ne7 Ndc5 25.Nf5 Rxd1 26.Bxd1 Bf6 27.Ncd6 Nd8 28.Bxc5 bxc5 29.Qc3 Bc8
30.Qxc5 Bxf5 31.exf5 Nb7 32.Nxb7 Qxb7 33.Ra6 Kg7 34.Qd6 Qe7 35.Qxe7 Bxe7
36.Be2 Rc8 37.c4 Bc5 38.Bd3 Rd8 39.Rc6 Be3 40.Be4 Rd2+ 41.Kf1 Rd7 42.Bd5 Bg5
43.Kg2 h4 44.gxh4 Bxh4 45.Kh3 Bf6 46.Kg4 Be7 47.Be4 h6 48.c5 Rd2 49.Rc7 Bg5
50.f4 exf4 51.Rxa7 Kf6 52.b6  1-0

[Event "Metz op"]
[Site "Metz"]
[Date "1996.??.??"]
[Round "?"]
[White "Kogan, Artur"]
[Black "Lorentz, Yves"]
[Result "1-0"]
[WhiteElo "2485"]
[BlackElo "2070"]

1.e4 g6 2.d4 Bg7 3.Nc3 d6 4.Bg5 c6 5.Qd2 Nf6 6.O-O-O b5 7.e5 b4 8.exf6 bxc3
9.Qe3 cxb2+ 10.Kb1 Bf8 11.fxe7 Bxe7 12.d5 Kd7 13.Nf3 Re8 14.Ne5+ Kc7 15.Qc3 Bxg5
16.Qa5+ Kb7 17.dxc6+ Nxc6 18.Ba6+  1-0

[Event "Crespi mem"]
[Site "Milan"]
[Date "1996.??.??"]
[Round "1"]
[White "Wohl, Aleksandar H"]
[Black "Giretti, Kanev J"]
[Result "1-0"]
[WhiteElo "2400"]
[BlackElo "2220"]

1.e4 g6 2.d4 Bg7 3.Nc3 d6 4.Bg5 c6 5.Qd2 Qa5 6.f4 Nd7 7.Nf3 Ngf6 8.e5 dxe5
9.fxe5 Nd5 10.Bd3 Nxc3 11.bxc3 Nb6 12.O-O Be6 13.Qe1 h6 14.Bd2 Nc4 15.Bc1 O-O-O
16.a4 Qd5 17.Rb1 Qd7 18.Qe2 Nb6 19.a5 Nd5 20.Bd2 Bf5 21.Ba6 Nb6 22.axb6 bxa6
23.b7+ Kb8 24.e6 Qxe6 25.Bf4+ Rd6 26.Qxa6 Bxc2 27.Ra1 Kc7 28.Qa5+ Kd7 29.Qxa7  1-0

[Event "Crespi mem"]
[Site "Milan"]
[Date "1996.??.??"]
[Round "8"]
[White "Lanzani, Mario"]
[Black "Giretti, Kanev J"]
[Result "1-0"]
[WhiteElo "2355"]
[BlackElo "2220"]

1.e4 g6 2.d4 Bg7 3.Nc3 d6 4.Be3 c6 5.Qd2 Nd7 6.Nf3 b5 7.Bd3 Nb6 8.b3 Bg4
9.a4 a6 10.h3 Bxf3 11.gxf3 Nf6 12.Bh6 Bxh6 13.Qxh6 b4 14.Ne2 Qc7 15.f4 a5
16.e5 Nfd5 17.Qg7 O-O-O 18.Qxf7 Rdf8 19.Qe6+ Qd7 20.Qxd7+ Nxd7 21.exd6 exd6
22.f5 gxf5 23.Ng3 f4 24.Nf5 Kc7 25.Kd2 Rf7 26.Rhg1 Rhf8 27.Ng7 Re7 28.Rae1 Kb6
29.Bxh7 N7f6 30.Bd3 Rh8 31.Nf5 Rxe1 32.Kxe1 Rxh3 33.Nxd6 Nc3 34.Rg7 Rh1+
35.Bf1 c5 36.Nc4+ Kc6 37.Rg6 Nd5 38.Nxa5+ Kd6 39.Nc4+ Ke6 40.dxc5 Kf5 41.Rg7 Ne4
42.c6 Kf6 43.c7 Rh8 44.Rd7 Re8 45.Rd8 Nxc7 46.Rxe8 Nxe8 47.Na5 Nc7 48.Nc6 Ke6
49.Nxb4 Kd6 50.Bc4 f3 51.Nd3 Ne8 52.b4 N8f6 53.Bb3 Nc3 54.Kd2 Ncd5 55.Bxd5 Kxd5
56.Ke3 Kc4 57.Kxf3 Kc3 58.a5 Kxc2 59.a6 Nd7 60.a7 Nb6 61.Nc5 Kc3 62.Nd7  1-0

[Event "Minsk op"]
[Site "Minsk"]
[Date "1996.??.??"]
[Round "2"]
[White "Chekurov, Vyacheslav"]
[Black "Balashov, Yuri S"]
[Result "0-1"]
[WhiteElo "2330"]
[BlackElo "2480"]

1.e4 g6 2.d4 Bg7 3.Nc3 d6 4.g3 Nc6 5.Be3 Nf6 6.h3 O-O 7.Bg2 e5 8.Nge2 b6
9.O-O Bb7 10.f4 Ba6 11.Rf2 Re8 12.fxe5 dxe5 13.d5 Nb8 14.Qd2 Qd6 15.g4 Rf8
16.Ng3 Ne8 17.Bf1 Bxf1 18.Raxf1 a6 19.h4 Nd7 20.h5 Qe7 21.Rg2 Nd6 22.b3 f6
23.hxg6 hxg6 24.Rh2 Nf7 25.Nd1 Ng5 26.Qg2 Rf7 27.Nf2 Nf8 28.Nd3 Nfh7 29.c4 Qd7
30.Qe2 Bf8 31.Kg2 a5 32.Rhh1 Bd6 33.c5 bxc5 34.Nxc5 Bxc5 35.Bxc5 c6 36.Rd1 cxd5
37.Rxd5 Qb7 38.Qd3 Ne6 39.Be3 Nhg5 40.Ne2 Kg7 41.Nc3 Rc8 42.Nb5 Qa6 43.Kg3 Re7
44.Bxg5 Nxg5 45.a4 Qc6 46.Nd6 Rb8 47.Qe3 Rb4 48.Nc4 Rxb3  0-1